000 00344nab a22001097u 4500
008 130520b1993 xxu||||| |||| 00| 0 fre d
041 _afre
100 1 _aBühler, Pierre
_910824
245 0 0 _aSagesse des hommes et folie de la Croix
_cPierre Bühler
773 0 _tLumière et Vie
_gV.42, nº213,1993,págs. 67-76
_x0024-7359
_wRev261
942 _cAR
999 _c318376
_d318376